Sử dụng và sửa chữa Máy thu hình
Zapisane w:
| 1. autor: | |
|---|---|
| Format: | Książka |
| Język: | Undetermined |
| Wydane: |
Hà Nội
KHKT
1977
|
| Hasła przedmiotowe: | |
| Etykiety: |
Dodaj etykietę
Nie ma etykietki, Dołącz pierwszą etykiete!
|
| Thư viện lưu trữ: | Trung tâm Học liệu Trường Đại học Cần Thơ |
|---|
| LEADER | 00457nam a2200169Ia 4500 | ||
|---|---|---|---|
| 001 | CTU_46222 | ||
| 008 | 210402s9999 xx 000 0 und d | ||
| 082 | |a 621.3888 | ||
| 082 | |b B535 | ||
| 100 | |a M.C.Bepxenhep | ||
| 245 | 0 | |a Sử dụng và sửa chữa Máy thu hình | |
| 245 | 0 | |c M.C.Bepxenhep | |
| 260 | |a Hà Nội | ||
| 260 | |b KHKT | ||
| 260 | |c 1977 | ||
| 650 | |a television | ||
| 980 | |a Trung tâm Học liệu Trường Đại học Cần Thơ | ||